Cuaderno de Arte No.6. Educación Musical (Record no. 7945)
[ view plain ]
| 000 -LEADER | |
|---|---|
| campo de control de longitud fija | 00381nam a2200133Ia 4500 |
| 001 - NÚMERO DE CONTROL | |
| campo de control | 1833 |
| 008 - DATOS DE LONGITUD FIJA--INFORMACIÓN GENERAL | |
| campo de control de longitud fija | 241024s9999 xx 000 0 und d |
| 082 ## - NÚMERO DE LA CLASIFICACIÓN DECIMAL DEWEY | |
| Número de clasificación | RD/780.9/R426c/6 |
| 100 ## - ENTRADA PRINCIPAL--NOMBRE DE PERSONA | |
| Nombre de persona | República Dominicana.Secretaría de Estado de Educación |
| 245 #0 - MENCIÓN DEL TÍTULO | |
| Título | Cuaderno de Arte No.6. Educación Musical |
| 260 ## - PUBLICACIÓN, DISTRIBUCIÓN, ETC. | |
| Nombre del editor, distribuidor, etc. | Ed. Taller |
| Fecha de publicación, distribución, etc. | 1997 |
| 901 ## - ELEMENTOS DE DATOS A LOCAL LDA (RLIN) | |
| a | 29/9/2011 12:10:30 p.m. |
No items available.